Dizajn ako unikátna forma reprezentácie krajiny. Využitie príbehu a multisenzorického zážitku v prezentácii dizajnu

Gespeichert in:
Bibliographische Detailangaben
1. Verfasser: Gábrišová, Vanda (Verfasst von)
Weitere Verfasser: Jelenčík, Branislav (Betreuung Doktorarbeit)
Format: Manuskript Buch
Sprache:Slowakisch
Veröffentlicht: Bratislava 2023
Schlagworte:
Online-Zugang:http://is.stuba.sk/zp/portal_zp.pl?podrobnosti=145648
Tags: Tag hinzufügen
Keine Tags, Fügen Sie das erste Tag hinzu!

MARC

LEADER 00000ntm a22000003a 4500
001 stuzp66109
003 SK-STU
005 20240112110133.2
007 ta
008 150427s2015----xo-----f-mn---000-0-slo-d
040 |a STU  |b slo 
041 0 |a slo 
044 |a xo 
100 1 |a Gábrišová, Vanda  |u 059190  |4 aut  |U FAD Fakulta architektúry a dizajnu  |T FAD Ústav dizajnu  |X 49800  |U A9190  |Y 400  |7 A000049800 
242 0 1 |a Design as a Unique Form of the Representation of the Country. Utilization of the Story and Multisensoric Experience in the Presentation of the Design  |y eng 
245 1 0 |a Dizajn ako unikátna forma reprezentácie krajiny. Využitie príbehu a multisenzorického zážitku v prezentácii dizajnu 
260 |c 2023  |a Bratislava 
650 4 |a dizajn  |2 slo 
650 4 |a multisenzorický dizajn  |2 slo 
650 4 |a dizajn s príbehom  |2 slo 
650 4 |a reprezentácia krajiny  |2 slo 
650 4 |a identita  |2 slo 
650 4 |a identity  |2 eng 
650 4 |a story-driven design  |2 eng 
650 4 |a country representation  |2 eng 
650 4 |a multisensory design  |2 eng 
650 4 |a design  |2 eng 
700 1 |a Jelenčík, Branislav  |u 059190  |k Z1  |4 ths  |U FAD Fakulta architektúry a dizajnu  |T FAD Ústav dizajnu  |X 5298  |U A9190  |Y 400  |7 A000005298 
856 4 |u http://is.stuba.sk/zp/portal_zp.pl?podrobnosti=145648 
996 |b 284AU09881  |c A* 13250/V  |l AAKNST  |s P  |a 0  |w stuzp66109_0001